00523nam a2200157 4500003000900000005001700009008004100026020003000067040001300097082002100110100002500131245013700156260003300293440002600326650001300352SEACOMMC20250430153953.0250121b |||||||| |||| 00| 0 eng d a 1-873-1508-22cRs.395.00 aSEACOMMC a658.02471bH 174 a Hall, Colin Michael1 aTourism, Mobility, and Second Homes : between elite landscape and common groundc edited by C. Michael Hall and Dieter K. Mùˆller. a Kolkatab Viva-Booksc 2006 aAspects of Tourism,15 a Tourism